Gaming Quiz

Random Gaming or Mario Quiz

Luigi's Mansion Ghosts Quiz Stats

Quiz not verified by Sporcle

Also try: Gaming Odd One Out
Challenge
Share
Tweet
Embed
Score 0/46 Timer 06:00
0 Plays Today
% Correct
Boo
72.8%
Purple Puncher
67.9%
Gold Ghost
64.2%
Blue Twirler
56.8%
Garbage Can Ghost
54.3%
Speedy Spirit
54.3%
Chauncey
54.3%
Shivers
54.3%
Miss Petunia
54.3%
Sue Pea
54.3%
Neville
53.1%
Bat
51.9%
Bogmire
51.9%
Nana
51.9%
Gold Mouse
50.6%
Lydia
50.6%
Melody Pianissima
50.6%
Spooky
50.6%
King Boo
50.6%
Mr. Luggs
49.4%
Boolossus
49.4%
Grabbing Ghost
48.1%
Purple Mouse
48.1%
% Correct
Bowling Ghost
46.9%
Blue Mouse
46.9%
Biff Atlas
46.9%
Shy Guy Ghost
45.7%
Ceiling Surprise
45.7%
Henry and Orville
45.7%
Uncle Grimmly
45.7%
Clockwork Soldiers
44.4%
Vincent Van Gore
44.4%
Slim Bankshot
43.2%
The Floating Whirlindas
42%
Madame Clairvoya
42%
Purple Bomber
40.7%
Temper Terror
39.5%
Spark
38.3%
Sir Weston
38.3%
Flash
37%
Gold Bat
37%
Jarvis
37%
Skeleton Ghost
35.8%
Flying Fish
35.8%
Blue Blaze
34.6%
Waiter
28.4%

You're not logged in!

Compare scores with friends on all Sporcle quizzes.
Join for Free
OR
Log In

You Might Also Like...

Show Comments

Extras

Top Quizzes Today


Score Distribution

Your Account Isn't Verified!

In order to create a playlist on Sporcle, you need to verify the email address you used during registration. Go to your Sporcle Settings to finish the process.

Report this User

Report this user for behavior that violates our Community Guidelines.

Details: